Τα αγκάθια του καλού : τι σκιάζει την αλήθεια στη δημόσια οικολογία

Saved in:
Bibliographic Details
Other Authors: Σφενδουράκης, Σπύρος, Λουλούδης, Λεωνίδας, 1947-2014 (Editor), Τσινόρεμα, Σταυρούλα (Author of introduction, etc.)
Format: Book
Language:Greek
Published: Αθήνα : Εκδόσεις Αρμός, c2014.
Subjects:
Tags: Add Tag
No Tags, Be the first to tag this record!

MARC

LEADER 00000nam a2200000 a 4500
001 1/126824
008 230608s2014####gr | ||| |||| ||gre||
020 |a 9789605278229 
040 |a GR-MyUa  |b gre  |c GR-MyUa  |e AACR2 
041 0 |a gre 
082 7 |a 304.2  |2 (23) 
245 0 3 |a Τα αγκάθια του καλού :   |b τι σκιάζει την αλήθεια στη δημόσια οικολογία /   |c Σπύρος Σφενδουράκης ... [κ.ά.] ; εισαγωγή-επιμέλεια Λεωνίδας Λουλούδης ; πρόλογος Σταυρούλα Τσινόρεμα.  
260 |a Αθήνα :   |b Εκδόσεις Αρμός,   |c c2014.  
300 |a 228 σ. ;   |c 24 εκ.  
500 |a Σπύρος Σφενδουράκης - Ανδρέας Ι. Τρούμπης - Γιώργος Στάμου - Κώστας Σταμάτης - Λεωνίδας Λουλούδης - Στέργιος Πυρίντσος.  
650 0 |a Human ecology 
650 0 |a Environmental ethics 
650 0 |a Environmental policy 
700 1 |a Σφενδουράκης, Σπύρος. 
700 1 |a Λουλούδης, Λεωνίδας,   |d 1947-2014,  |e edt 
700 1 |a Τσινόρεμα, Σταυρούλα,  |e aui 
852 |a INST  |b LESVOS  |c EUDOXUS  |e 20230608  |h 304.2 ΑΓΚ  |p 005100064427  |q 005100064427  |t EDX  |y 0 
920 |a Εύδοξος  |b Παραγγελία  |y Λέσβος-ΤΚ  |z 2023-06 
970 |a Δημάκη  |b Μαρία  |z 08-06-2023